00330nam a2200133Ia 4500003000400000005001700004008004100021040000900062082001500071100001100086245004000097260005000137300000900187OSt20200703095833.0190216s9999||||xx |||||||||||||| ||und|| coclc a942bKUN/H aKundra 0aHistory Of England /cKundra ; Bawa bNeelam Agencies Publications, c1980.aAgra: a288p